000 00804nam a2200241 a 4500
001 BRCA_7654
005 20190320205929.0
008 260713s1865----mx-#######---#000-0#spa-#
041 _aspa
044 _amx
050 4 _aHE2820
_b.F47 1865
245 1 0 _aFerrocarril Nacional de México a Veracruz
_bdecretos y convenio.
260 _aMéxico
_bImprenta de Andrade y Escalante
_c1865
300 _a8 p.
_c21 cm.
500 _aT71
600 1 4 _aHasburgo, Fernando Maximiliano José María de
_cEmperador de México
_d1832-1867
_918874
650 1 4 _aFerrocarriles Nacionales de México
_vDecretos
_918875
650 1 4 _aFerrocarriles Nacionales de México
_vConvenios
_918876
650 1 4 _aFerrocarriles
_99137
651 4 _aVeracruz (Estado)
_xHistoria
_zMéxico
_918877
902 _aGFM
942 _2lcc
_cB
999 _c7328
_d7328